000 00312nas a2200121 4500
005 20211102114735.0
008 211102b ||||| |||| 00| 0 eng d
022 _a2250-3919
040 _c
245 _aDeeksha
260 _aP G dept of social work,St. Aloysius College,Mangalore
_bAug 2019
942 _2ddc
_cPR
999 _c220329
_d220329